ARRUPE JESUIT UNIVERSITY

CORONAVIRUS -STOP THE SPREAD - CLEAN,DISINFECT,COVER

Historical dictionary of Upper Volta (Haute Volta) / (Record no. 119629)

MARC details
000 -LEADER
fixed length control field 00946cam a2200289 i 4500
001 - CONTROL NUMBER
control field 2720898
003 - CONTROL NUMBER IDENTIFIER
control field ARRUPE
005 - DATE AND TIME OF LATEST TRANSACTION
control field 20140121145701.0
008 - FIXED-LENGTH DATA ELEMENTS--GENERAL INFORMATION
fixed length control field 770916s1978 nju bd 000 0 eng
010 ## - LIBRARY OF CONGRESS CONTROL NUMBER
LC control number 77014987
020 ## - INTERNATIONAL STANDARD BOOK NUMBER
International Standard Book Number 0810810883
040 ## - CATALOGING SOURCE
Original cataloging agency DLC
Transcribing agency DLC
Modifying agency DLC
043 ## - GEOGRAPHIC AREA CODE
Geographic area code f-uv---
050 00 - LIBRARY OF CONGRESS CALL NUMBER
Classification number DT553.U75
Item number M3
082 00 - DEWEY DECIMAL CLASSIFICATION NUMBER
Classification number 966/.25/003
300 ## - PHYSICAL DESCRIPTION
Dimensions 23 cm.
100 1# - MAIN ENTRY--PERSONAL NAME
Personal name McFarland, Daniel Miles.
9 (RLIN) 6863
245 10 - TITLE STATEMENT
Title Historical dictionary of Upper Volta (Haute Volta) /
Statement of responsibility, etc by Daniel Miles McFarland.
260 ## - PUBLICATION, DISTRIBUTION, ETC. (IMPRINT)
Place of publication, distribution, etc Metuchen, N.J. :
Name of publisher, distributor, etc Scarecrow Press,
Date of publication, distribution, etc 1978.
300 ## - PHYSICAL DESCRIPTION
Extent xxi, 217 p. ;
440 #0 - SERIES STATEMENT/ADDED ENTRY--TITLE
Title African historical dictionaries ;
Volume number/sequential designation no. 14
9 (RLIN) 6864
504 ## - BIBLIOGRAPHY, ETC. NOTE
Bibliography, etc Bibliography: p. 163-217.
651 #0 - SUBJECT ADDED ENTRY--GEOGRAPHIC NAME
Geographic name Burkina Faso
General subdivision History
-- Dictionaries.
9 (RLIN) 6865
651 #0 - SUBJECT ADDED ENTRY--GEOGRAPHIC NAME
Geographic name Burkina Faso
General subdivision History
-- Chronology.
9 (RLIN) 6866
651 #0 - SUBJECT ADDED ENTRY--GEOGRAPHIC NAME
Geographic name Burkina Faso
General subdivision Bibliography.
9 (RLIN) 6867
906 ## - LOCAL DATA ELEMENT F, LDF (RLIN)
a 7
b cbc
c orignew
d 1
e ocip
f 19
g y-gencatlg
942 ## - ADDED ENTRY ELEMENTS (KOHA)
Source of classification or shelving scheme Library of Congress Classification
Koha item type Monograph ( Printed materials)
Holdings
Withdrawn status Lost status Source of classification or shelving scheme Damaged status Not for loan Home library Current library Date acquired Total Checkouts Full call number Barcode Date last seen Price effective from Koha item type
    Library of Congress Classification     ARRUPE LIBRARY ARRUPE LIBRARY 21/01/2014   REF DT553.U75 M3 464122807 07/12/2017 21/01/2014 Monograph ( Printed materials)

 

Arrupe Library. PO Box MP320 Mt Pleasant, Harare, Zimbabwe
263 242 745411|librarian@aju.ac.zw